Harry Potter Locations Quiz Stats

 Plays Quiz Updated Nov 13, 2017

Score 0/20 Timer 05:00
5 Plays Today
Harry Potter Place % Correct
Hogwarts
91.1%
4 Privet Drive
89%
The Ministry of Magic
87.6%
King's Cross Station
85.9%
Azkaban Prison
79%
Ollivanders
75.8%
The Burrow
75.1%
Gringotts Wizarding Bank
72%
No. 12 Grimmauld Place
60.6%
Malfoy Manor
58.2%
Harry Potter Place % Correct
Shrieking Shack
56.5%
The Leaky Cauldron
55.8%
Flourish & Blotts
52.6%
Weasleys' Wizard Wheezes
43.5%
Shell Cottage
43.5%
Hog's Head Inn
40.8%
Borgin & Burkes
39.1%
Honeydukes
35.2%
Spinner's End
32.9%
Eeylops Owl Emporium
27%

You're not logged in!

Compare scores with friends on all Sporcle quizzes.
OR
Log In

You Might Also Like...

Show Comments

Extras

Top Quizzes Today


Score Distribution

Your Account Isn't Verified!

In order to create a playlist on Sporcle, you need to verify the email address you used during registration. Go to your Sporcle Settings to finish the process.

Report this User

Report this user for behavior that violates our Community Guidelines.

Details: